| 000 | 00386nam a2200157Ia 4500 | ||
|---|---|---|---|
| 008 | 210716s2005 xx 000 0 und d | ||
| 020 | _a9780131127463 | ||
| 041 | _aeng | ||
| 082 | _a174.4 GINA | ||
| 100 | _aGini, Al. | ||
| 245 | _aCase studies in business ethics. | ||
| 250 | _a5 | ||
| 260 |
_aNew Jersey _bPearson Education _c2005 |
||
| 300 | _ax,397 | ||
| 650 | _aBusiness Ethics | ||
| 999 |
_c206480 _d206480 |
||